Juventudes, violencia y exclusión: desafíos para las políticas públicas /
Este libro ha sido elaborado a partir de un seminario que bajo el mismo nombre fue desarrollado en la Ciudad de Guatemala en octubre de 2005, en el marco de las actividades del Programa Nacional INDES-Guatemala. Allí, un conjunto de expertos de la región, de algunos ONG locales y de organizaciones g...
Uloženo v:
| Hlavní autor: | |
|---|---|
| Další autoři: | |
| Médium: | Text |
| Jazyk: | Spanish |
| Vydáno: |
Guatemala:
Magna Terra
2006
|
| Témata: | |
| Tagy: |
Přidat tag
Žádné tagy, Buďte první, kdo vytvoří štítek k tomuto záznamu!
|
MARC
| LEADER | 00000 a a2200000 04500 | ||
|---|---|---|---|
| 001 | 33873 | ||
| 003 | cru CIDCACS/IIS | ||
| 005 | 20230510105528.0 | ||
| 008 | 230510e2006 gt ||||| |||| 00| 0 spa d | ||
| 020 | |a 99939-69-80-X | ||
| 040 | |c CRAI/IIS | ||
| 090 | |a 02.04.02 M867j | ||
| 100 | |a Moro, Javier | ||
| 245 | |a Juventudes, violencia y exclusión: desafíos para las políticas públicas / |c Javier Moro | ||
| 260 | |a Guatemala: |b Magna Terra |c 2006 | ||
| 300 | |a 299 páginas | ||
| 520 | |a Este libro ha sido elaborado a partir de un seminario que bajo el mismo nombre fue desarrollado en la Ciudad de Guatemala en octubre de 2005, en el marco de las actividades del Programa Nacional INDES-Guatemala. Allí, un conjunto de expertos de la región, de algunos ONG locales y de organizaciones gubernamentales, más aportes del mismo INDES, dieron forma a dicho evento dirigido a profesionales que se desempeñan en organizaciones dedicadas al trabajo con jóvenes en situación de pobreza y exclusión social. Esta compilación constituye un aporte al enriquecimiento del debate teórico y político en torno a los complejos lazos de la exclusión y la violencia en relación a los jóvenes, así como también a reflexionar críticamente sobre las diversas formas de intervenciones públicas y los retos que devienen para las políticas en América Latina | ||
| 650 | |a JUVENTUD | ||
| 650 | |a VIOLENCIA | ||
| 650 | |a EXCLUSION SOCIAL | ||
| 650 | |a AMERICA LATINA | ||
| 650 | |a DESIGUALDAD SOCIAL | ||
| 650 | |a PANDILLAS | ||
| 650 | |a DELINCUENCIA JUVENIL | ||
| 650 | |a POLITICA GUBERNAMENTAL | ||
| 700 | |a ed. | ||
| 942 | |2 ddc |c LI |h 02.04.02 M867j |i 01789 |6 020402_M867J_01789 | ||
| 999 | |c 10368 |d 10368 | ||



